Ekonomika regiónu Latinskej Ameriky diplomová práca

Salvato in:
Dettagli Bibliografici
Autore principale: Hlatká, Katarína
Ente Autore: Ekonomická univerzita v Bratislave. Fakulta medzinárodných vzťahov
Altri autori: Csabay, Marek
Natura: Libro
Lingua:slovacco
Pubblicazione: Bratislava 2010
Tags: Aggiungi Tag
Nessun Tag, puoi essere il primo ad aggiungerne!!

MARC

LEADER 00000nam a2200000 4500
001 0121422
005 20240318122030.1
041 0 |a slo 
044 |a SK 
245 1 0 |a Ekonomika regiónu Latinskej Ameriky  |b diplomová práca  |c Katarína Hlatká ; škol. Marek Csabay 
264 1 |a Bratislava  |c 2010 
300 |a 72 s. 
100 1 |a Hlatká, Katarína 
700 1 |a Csabay, Marek 
710 2 |a Ekonomická univerzita v Bratislave. Fakulta medzinárodných vzťahov